Remote Terminal Unit / (Record no. 536057)
[ view plain ]
| 000 -LEADER | |
|---|---|
| fixed length control field | 00652nam a22001817a 4500 |
| 020 ## - INTERNATIONAL STANDARD BOOK NUMBER | |
| Qualifying information | Hard Cover. |
| 082 ## - DEWEY DECIMAL CLASSIFICATION NUMBER | |
| Classification number | 621.3 |
| 100 ## - MAIN ENTRY--PERSONAL NAME | |
| Personal name | Haroon, Anum Malik ; Mustafa, Akbar and Syed Farhan, Ahmed |
| 245 ## - TITLE STATEMENT | |
| Title | Remote Terminal Unit / |
| Statement of responsibility, etc. | Anum Haroon Malik ; Mustafa Akbar ; Syed Farhan Ahmed. |
| 260 ## - PUBLICATION, DISTRIBUTION, ETC. | |
| Place of publication, distribution, etc. | Islamabad : |
| Name of publisher, distributor, etc. | SEECS - NUST, |
| Date of publication, distribution, etc. | 2019. |
| 300 ## - PHYSICAL DESCRIPTION | |
| Extent | 50 p. : ill. ; |
| Dimensions | 30cm. |
| 563 ## - BINDING INFORMATION | |
| Binding note | HB |
| 650 ## - SUBJECT ADDED ENTRY--TOPICAL TERM | |
| Topical term or geographic name entry element | Electrical (Electronics) Engineering-Project Report. |
| 700 ## - ADDED ENTRY--PERSONAL NAME | |
| Personal name | Dr. Ifitkhar Rana. |
| 856 ## - Uniform Resource Identifier | |
| Uniform Resource Identifier | <a href="http://10.250.8.41:8080/xmlui/handle/123456789/29360">http://10.250.8.41:8080/xmlui/handle/123456789/29360</a> |
| 942 ## - ADDED ENTRY ELEMENTS (KOHA) | |
| Source of classification or shelving scheme | |
| Koha item type | Project Report |
| 700 ## - ADDED ENTRY--PERSONAL NAME | |
| -- | 30972 |
| Withdrawn status | Lost status | Source of classification or shelving scheme | Damaged status | Not for loan | Permanent Location | Current Location | Shelving location | Date acquired | Full call number | Barcode | Date last seen | Price effective from | Koha item type |
|---|---|---|---|---|---|---|---|---|---|---|---|---|---|
| WITHDRAWN | Central Library (CL) | Central Library (CL) | Thesis | 09/30/2020 | 621.3 | CL-BP-157 | 09/30/2020 | 09/30/2020 | Project Report |
